| 000 | 01016nam a22002777a 4500 | ||
|---|---|---|---|
| 005 | 20240530110616.0 | ||
| 008 | 161126s2015 ua a g b 000 0 ara d | ||
| 017 |
_a2015/21799 _bمصر. دار الكتب |
||
| 020 | _a9789774103489 | ||
| 040 |
_aEG-CaGPL _cEG-CaGPL |
||
| 082 | 0 | 4 |
_221 _a379.11\ _bع إ |
| 100 | _aعلى صالح جوهر | ||
| 245 |
_aالاستثمار الامثل فى تمويل التعليم / _cعلى صالح جوهر ، ميادة الباسل . |
||
| 250 | _aط.1 | ||
| 260 |
_aالقاهرة : _bالمكتبة العصرية للنشر و التوزيع ، _c2015 . |
||
| 300 |
_a213 ص ؛ _c24 سم . |
||
| 504 | _aببليوجرافية : ص 204 - 211 | ||
| 650 | 0 | 7 |
_2qrmak _aالتعليم . |
| 650 | 0 | 7 |
_2qrmak _aنظام BOT |
| 650 | 0 | 7 |
_2qrmak _aالتعليم _xخصخصة . |
| 650 | 0 | 7 |
_2qrmak _aالخصخصة . |
| 651 | _2qrmak | ||
| 700 | 0 |
_aميادة الباسل _eمؤلف مشارك . |
|
| 942 |
_2ddc _cBK |
||
| 999 |
_c62952 _d62952 |
||